| 000 | 00000nam##2200000za#4500 |
| 001 | 9.600107 |
| 003 | CaOODSP |
| 005 | 20210624205416 |
| 007 | cr ||||||||||| |
| 008 | 150406|1998||||xxc|||||o f|0| 0 fre|d |
| 040 | |aCaOODSP|bfre |
| 043 | |an-cn--- |
| 086 | 1 |aBT31-4/34-1998F-PDF |
| 110 | 1 |aCanada. |bConseil du trésor. |
| 245 | 10|aTribunal de la concurrence, rapport sur le rendement pour la période se terminant le 31 mars 1998 |h[ressource électronique] |
| 246 | 3 |aBudget des dépenses |
| 260 | |aOttawa - Ontario : |bSecrétariat du Conseil du Trésor du Canada |c[1998]. |
| 300 | |a28p.|borganigramme, tableaux |
| 490 | 1 |aRapport sur le rendement pour la période se terminant le 31 mars 1998 |vPour la période se terminant le 31 mars 1998 |
| 500 | |aLe n° de catalogue (BT31-4/34-1998) et l’ISBN (0-660-60699-2) de l'édition imprimée bilingue ont été incorrectement copiés dans cette édition électronique. |
| 590 | |a10-15-Supp|b2010-12-10 |
| 775 | 08|tCompetition Tribunal, performance report for the period ending March 31, 1998 |w(CaOODSP)9.568844 |
| 776 | 0#|tCompetition Tribunal|w(CaOODSP)9.531066 |
| 776 | 0#|tTribunal de la concurrence|w(CaOODSP)9.531067 |
| 830 | #0|aRapport sur le rendement pour la période se terminant le 31 mars 1998 ;|vPour la période se terminant le 31 mars 1998|w(CaOODSP)9.502654 |
| 856 | 40|ahttp://publications.gc.ca|qPDF|s214 Ko|uhttps://publications.gc.ca/collections/Collection/BT31-4-34-1998F.pdf|yPour la période se terminant le 31 mars 1998 |